000 01364nam0a2200289 4500
001 RU\NLR\bibl\1358430
005 20250615183058.0
021 _aRU
_b2009-13427
_9795
035 _a(NLR Aleph) 001350618
090 _a918487
_c918487
100 _a20090420d2007 |||y0rusy50 ca
101 0 _arus
102 _aRU
105 _aa |||||||||
200 1 _aЛабораторные технологии и интерпретация исследования мочи в офисе врача общей практики
_e[пособие]
_fВ.Л. Эмануэль
_gС.-Петерб. гос. мед. ун-т им. акад. И.П. Павлова Федерал. агентства по здравоохранению и социал. развитию
210 _aСанкт-Петербург
_cИзд-во СПбГМУ
_d2007
215 _a95 с.
_cил.
_d20
320 _aБиблиогр.: с. 94-95 (33 назв.)
606 1 _aМоча
_jРуководства, пособия и т.п.
_xКлинические лабораторные исследования
_91691106
_3RU\NLR\auth\66751812
686 _aР345.2я7
700 1 _aЭмануэль
_bВ. Л.
_gВладимир Леонидович
_4070
801 0 _aRU
_bNLR
_c20090420
_gRCR
801 1 _aRU
_bNLR
_c20090420
830 _aавт. по кн.
942 _cBOOK
980 _aNB